| 000 -LEADER |
| fixed length control field |
01015nam a2200265Ia 4500 |
| 001 - CONTROL NUMBER |
| control field |
17435 |
| 003 - CONTROL NUMBER IDENTIFIER |
| control field |
GE_BSU |
| 005 - DATE AND TIME OF LATEST TRANSACTION |
| control field |
20240821125850.0 |
| 008 - FIXED-LENGTH DATA ELEMENTS--GENERAL INFORMATION |
| fixed length control field |
181216s||||||||ge |||||||||||||| ||eng|| |
| 020 ## - INTERNATIONAL STANDARD BOOK NUMBER |
| International Standard Book Number |
9789941052743 |
| 040 ## - CATALOGING SOURCE |
| Transcribing agency |
GE_BSU |
| 041 ## - LANGUAGE CODE |
| Language code of text/sound track or separate title |
eng |
| 080 ## - UNIVERSAL DECIMAL CLASSIFICATION NUMBER |
| Universal Decimal Classification number |
31(479.22)+314.114(479.22)+316.42(479.22) G-24 |
| 100 ## - MAIN ENTRY--PERSONAL NAME |
| Personal name |
Gassmann, Fr. |
| 9 (RLIN) |
23098 |
| 245 ## - TITLE STATEMENT |
| Title |
Economic and Social Vulnerability in Georgia / |
| Statement of responsibility, etc. |
Franziska Gassmann, George Berulava, Michael Tokmazishvili ; UNDP. |
| 264 ## - PRODUCTION, PUBLICATION, DISTRIBUTION, MANUFACTURE, AND COPYRIGHT NOTICE |
| Place of production, publication, distribution, manufacture |
[Tbilisi] : |
| Name of producer, publisher, distributor, manufacturer |
UNDP, |
| Date of production, publication, distribution, manufacture, or copyright notice |
2013. |
| 300 ## - PHYSICAL DESCRIPTION |
| Extent |
136 p. : |
| Other physical details |
ill. ; |
| Dimensions |
30 cm. |
| 500 ## - GENERAL NOTE |
| General note |
ბიბლიოგრ. : გვ. 132-136 |
| 653 ## - INDEX TERM--UNCONTROLLED |
| keyword |
Economic and Social Vulnerability in Georgia |
| 653 ## - INDEX TERM--UNCONTROLLED |
| keyword |
საქართველოს სოციალ-ეკონომიკური სტატისტიკა |
| 700 ## - ADDED ENTRY--PERSONAL NAME |
| Personal name |
Berulava, George, |
| Relator term |
auth. |
| 9 (RLIN) |
23099 |
| 700 ## - ADDED ENTRY--PERSONAL NAME |
| Personal name |
Tokmaishvili, Michael |
| Relator term |
auth. |
| 9 (RLIN) |
23100 |
| 710 ## - ADDED ENTRY--CORPORATE NAME |
| Corporate name or jurisdiction name as entry element |
United Nations Development Programme in Georgia |
| 9 (RLIN) |
23101 |
| 942 ## - ADDED ENTRY ELEMENTS (KOHA) |
| Koha item type |
წიგნი |
| Source of classification or shelving scheme |
|